000 00901nam a22003257a 4500
001 BR7312081
003 BR-BrBNA
005 20230928084243.0
007 ta
008 230509b bl.||||| |||| 00| 0 por d
040 _aBR-BrBNA
_bpor
_cBiblioteca Nacional de Agricultura
041 _a(Por)
072 _aF00; E70
_b1160
_b1220
090 _ 1160 BR7312081
100 1 _aParente, J.I.G.
100 1 _aMaciel, R.F.P.
100 1 _aVale, E.C. do
110 1 _aUniversidade Federal do Ceara, Fortaleza (Brasil). Escola de Agronomia
_911040
245 1 _aCajueiro, aspectos economicos e agronomicos
260 3 _aFortaleza, CE (Brasil):
_c1971.
300 _a49 p.
500 _a9 tables; 24 ref.
650 _aCAJU
650 _aCASTANHA DE CAJU
650 _aPRATICA CULTURAL
650 _aEXPORTACAO
650 _aCONSUMO
909 _a202309
_bLucia
_c55
_dLucia Elande
942 _cBK
999 _c17721
_d17721